000
00278nam a2200109Ia 4500
008
190216s9999||||xx |||||||||||||| ||und||
100
_a
"Gulshan Rairaizada, Tuli Rk, Batra Jk"
245
0
_a
Medical Guide
260
_b
New Light Publishers
_c
1991
300
_a
350p
942
_c
REF
999
_c
36144
_d
36144